[Event "2018 PHCC"]
[Site "PORT HURON"]
[Date "2018.01.25"]
[Round "3"]
[White "Jones, George"]
[Black "Morabito, Matt"]
[Result "1-0"]
[WhiteElo "1630"]
[BlackElo "1848"]
[Annotator "Alan"]
[PlyCount "61"]
[EventDate "2018.??.??"]
[EventType "tourn"]
[EventRounds "7"]
[EventCountry "USA"]

1. d4 Nf6 2. Bf4 d6 3. Nf3 g6 4. h3 Bg7 5. e3 O-O 6. Be2 Nbd7 7. O-O Re8 8. c4
c5 ({Relevant:} 8... b6 9. Nc3 Bb7 10. Qc2 e5 11. Bg5 exd4 12. exd4 h6 13. Be3
Ne4 14. Nxe4 Bxe4 15. Qd2 d5 16. Bxh6 dxc4 17. Bg5 Bf6 18. h4 b5 19. Rfe1 Nb6
20. Rad1 Bxf3 21. Bxf3 Rxe1+ 22. Rxe1 Bxg5 23. hxg5 Rb8 24. Bc6 Qd6 25. Bxb5 c6
26. Ba6 Kg7 27. Qe3 Rd8 28. Rd1 Rd7 29. b3 cxb3 30. axb3 c5 31. d5 Nxd5 32. Qh3
Qe7 33. Bc4 Qd8 34. Qf3 Nb6 35. Rxd7 Qxd7 36. Qf6+ Kf8 37. Qh8+ Ke7 38. Qe5+ {
Khotenashvili,B (2445)-Muzychuk,M (2546) Riga 2017 1/2-1/2}) 9. Nc3 b6 10. Re1
Bb7 11. Qc2 e5 $146 ({Predecessor:} 11... Nf8 12. Rad1 Ne6 13. Bh2 Qc8 14. d5
Nc7 15. b3 Rf8 16. Ng5 Qe8 17. Bf3 Bc8 18. Nce4 Nxe4 19. Nxe4 a6 20. Nc3 b5 21.
a3 Bd7 22. e4 {1/2-1/2 (22) Kundrak,A-Balogh,I (1835) Hungary 1997}) 12. dxe5
dxe5 13. Bg5 e4 14. Nd2 h6 15. Bh4 g5 16. Bg3 a6 17. Rad1 Qe7 18. a3 Rad8 (
18... Qe6 $14) 19. Nf1 Nf8 (19... Ne5 20. Rxd8 Rxd8 21. Qb3 Nfd7) 20. Qb3 Rxd1
21. Rxd1 Rd8 (21... N8d7 22. Bc7 Qe6 23. Rd6 Qe7 24. Ng3) 22. Qxb6 Rxd1 23.
Bxd1 Ne8 24. Qb3 Qd7 25. Bg4 Qe7 26. Nd5 Bxd5 27. cxd5 Be5 28. Be2 Nc7 29. Bc4
Bd6 30. Qb6 Nd7 31. Qxd6 1-0

[Event "2018 PHCC"]
[Site "PORT HURON"]
[Date "2018.01.25"]
[Round "3"]
[White "Rutkofske, Lonnie"]
[Black "Boucher, Dave"]
[Result "1/2-1/2"]
[WhiteElo "1818"]
[BlackElo "1300"]
[Annotator "Alan"]
[PlyCount "105"]
[EventDate "2018.??.??"]
[EventType "tourn"]
[EventRounds "7"]
[EventCountry "USA"]

1. f4 e6 2. b3 Nf6 3. Nf3 d5 4. Bb2 Be7 5. e3 b6 {[#]} ({Relevant:} 5... O-O 6.
Be2 b6 7. O-O Bb7 8. Qe1 Ne4 9. Nc3 Nd6 10. Qg3 Nf5 11. Qh3 Nc6 12. Bd3 Nb4 13.
Bxf5 exf5 14. Qxf5 g6 15. Qh3 Nxc2 16. Qh6 d4 17. Ne2 c5 18. Rac1 Nb4 19. Nexd4
cxd4 20. Bxd4 f6 21. Ng5 Rf7 22. Nxf7 Qd5 23. Qh3 Qxf7 24. Rc7 Be4 25. Rfc1 Kg7
26. Qd7 Nd5 27. Rb7 Rd8 28. Qxd8 Bxd8 29. Rxf7+ Kxf7 30. Rc8 Ke8 31. Ra8 a5 32.
Ra7 h5 33. Kf2 Nb4 34. a3 Nc6 35. Rh7 {Jobava,B (2705)-Tregubov,P (2625)
Warsaw 2013 0-1 (101)}) 6. Bd3 Ba6 7. Bxa6 Nxa6 8. Qe2 $146 {[#]} ({
Predecessor:} 8. Ne5 Nb8 9. O-O O-O 10. Rf3 Nfd7 11. Rh3 Nxe5 12. Qh5 h6 13.
fxe5 f6 14. Qg6 Qe8 15. Rxh6 Qxg6 16. Rxg6 Kf7 17. Rg3 Nd7 18. exf6 gxf6 19.
Rh3 e5 20. Nc3 c6 21. Rf1 Rg8 22. Ne2 Rg7 23. Rf5 Rag8 24. g3 Ke6 25. Rfh5 Nf8
26. Kf2 a5 27. a4 Kf7 28. Ng1 Ne6 29. Rh8 Ng5 30. R3h5 Kg6 31. Nf3 Ne4+ 32. Ke2
Kf7 33. R5h7 Rxh7 34. Rxh7+ Ke6 35. d3 Nd6 36. Nh4 Kd7 37. d4 e4 {Wlogalski,O 
(1938)-Monserrat Castells,J (1993) Benidorm 2008 1-0 (68)}) 8... Nc5 9. d3 O-O
10. O-O Ncd7 11. Nbd2 c5 12. Ne5 Nxe5 13. Bxe5 Nd7 14. Rf3 Nxe5 15. fxe5 f5 16.
exf6 Bxf6 17. Raf1 Qd6 18. Rh3 Be7 19. Qh5 Rxf1+ 20. Nxf1 h6 21. Qg6 Bg5 22.
Rg3 Qe5 23. c3 Rf8 24. d4 cxd4 25. cxd4 Qd6 {[#]} (25... Qf5 26. Qxf5 exf5) 26.
Nd2 Rf6 27. Qc2 Qf8 28. Qd3 Qc8 29. Rf3 Qc1+ 30. Nf1 Rxf3 31. gxf3 Qe1 32. f4
Bh4 33. Qd2 Qb1 34. Qg2 Qf5 35. Nd2 Qh5 36. Nf3 Bf6 37. h3 Kh7 38. Qc2+ Kg8 39.
Kg2 Qf7 40. f5 Qd7 41. fxe6 Qxe6 42. Qd3 Bd8 43. Ne5 Bc7 44. Qg6 Qe7 45. Ng4
Kh8 46. Qf5 Qd6 47. Ne5 Kg8 48. Qf7+ Kh7 49. Qf5+ {[#]} (49. h4 Qd8 50. Qf5+
Kg8 51. Ng6 Qd6 52. h5 Qd8 53. Kf3 {Black is very limited with moves white has
a big advantage}) 49... Kg8 50. Qc8+ (50. Qf7+ Kh7 51. h4 Qd8 52. Qg6+ Kg8 53.
Qe6+ Kh7 54. Qf5+ Kg8 55. Ng6) 50... Kh7 51. Qe8 Qf6 52. Ng4 Qd6 53. Ne5
1/2-1/2

[Event "2018 PHCC"]
[Site "PORT HURON"]
[Date "2018.01.25"]
[Round "3"]
[White "Muir, Josh"]
[Black "Gregg, Alan"]
[Result "0-1"]
[WhiteElo "1600"]
[BlackElo "1948"]
[Annotator "Alan"]
[PlyCount "82"]
[EventDate "2018.??.??"]
[EventType "tourn"]
[EventRounds "7"]
[EventCountry "USA"]

1. d4 Nf6 2. c4 g6 3. Nc3 Bg7 4. Nf3 d6 5. e4 O-O 6. Be2 Na6 7. a3 ({Relevant:
} 7. O-O e5 8. Re1 c6 9. d5 Nc5 10. Nd2 a5 11. b3 Bh6 12. Qc2 Ng4 13. Nf1 Bxc1
14. Raxc1 Nh6 15. Qd2 Kg7 16. dxc6 bxc6 17. Red1 Ne6 18. Qxd6 Qxd6 19. Rxd6 Nd4
20. c5 Be6 21. Nd2 a4 22. bxa4 Rxa4 23. Nf3 Nxe2+ 24. Nxe2 Rxe4 25. Ng3 Ra4 26.
Nxe5 Rxa2 27. Nxc6 Ng4 28. h3 Nxf2 29. Rf1 Nd3 30. Rxd3 Bc4 31. Rc3 Bxf1 32.
Nxf1 Rc8 33. Nb4 Ra4 34. Nd3 Rc6 35. Nd2 f6 36. Nc4 h5 {Aronian,L (2793)
-Jobava,B (2707) Leuven 2017 1-0}) 7... c5 8. d5 Nc7 9. O-O a6 10. Ne1 $146 ({
Predecessor:} 10. a4 Rb8 11. Bf4 Bg4 12. Qd2 Bxf3 13. Bxf3 b5 14. cxb5 axb5 15.
Rfe1 Nd7 16. Be2 bxa4 17. Rxa4 Ra8 18. Rea1 Rxa4 19. Rxa4 {1/2-1/2 (19)
Korovin,A (2299)-Ilyasov,A (2250) ICCF email 2011}) 10... b5 11. f3 Rb8 12. Rb1
Nd7 13. Kh1 Ne5 14. cxb5 axb5 15. Qc2 b4 16. axb4 Rxb4 17. Nd3 Nxd3 18. Bxd3
Bd7 19. Bd2 Qb8 20. b3 Rb7 21. Rfc1 Bb5 22. Bc4 Bd7 23. Na2 (23. b4 $11 Rxb4
24. Rxb4 Qxb4 (24... cxb4 25. Na2 Na6 26. Bxa6 b3 27. Qc4 bxa2 28. Qxa2) 25.
Nb5) 23... Nb5 24. Bxb5 Bxb5 25. Bc3 f6 26. Ba1 Rc8 27. Nc3 Bd7 28. Ne2 Qa7 29.
Nf4 Bh6 30. g3 Rcb8 31. Qd3 Rb5 32. Rc3 Qb7 33. Ne6 Rb4 34. f4 Ba4 (34... Bxe6
35. dxe6 Qxe4+ 36. Qxe4 Rxe4 37. Kg2 f5 38. Rd3 c4 39. Rdd1 Rxb3 40. Rxb3 cxb3
41. Rb1 Rb4 42. Bb2 Bg7 43. Kf1 Bxb2 44. Rxb2 Kg7 45. Ke2 Kf6 46. Kd2 Kxe6 47.
Kc3 Rb7) 35. Rc2 Rxb3 36. Rxb3 Qxb3 37. Qxb3 Rxb3 38. Rc1 Bd7 39. Nd8 Rb8 40.
Nc6 Bxc6 41. dxc6 Rc8 0-1

[Event "2018 PHCC"]
[Site "PORT HURON"]
[Date "2018.02.08"]
[Round "4"]
[White "Morabito, Matt"]
[Black "Rutkofske, Lonnie"]
[Result "1/2-1/2"]
[WhiteElo "1848"]
[BlackElo "1818"]
[Annotator "ALAN"]
[PlyCount "122"]
[EventDate "2018.??.??"]
[EventType "tourn"]
[EventRounds "7"]
[EventCountry "USA"]

1. Nf3 d5 2. g3 Bg4 3. Bg2 h6 4. c4 d4 5. Ne5 Bc8 6. Qa4+ c6 7. d3 Nf6 8. Nd2
e6 9. Ndf3 Nbd7 10. b4 Nxe5 11. Nxe5 Qd6 {[#]} 12. Nf3 (12. Nxc6 Bd7 13. b5
bxc6 14. bxc6 Qb4+ 15. Qxb4 Bxb4+ 16. Bd2 Bxd2+ 17. Kxd2) 12... Qxb4+ 13. Qxb4
Bxb4+ 14. Bd2 Bxd2+ 15. Nxd2 e5 16. Nf3 Nd7 17. Bh3 f6 18. Rb1 Nc5 19. Bg2 Kf7
20. Nd2 Rb8 21. O-O Bf5 22. Nb3 Nxd3 23. exd3 Bxd3 24. Na5 Bxb1 25. Rxb1 {[#]}
Rhe8 $2 $11 (25... f5 26. Rxb7+ Rxb7 27. Nxb7 e4) 26. Nxb7 Kf8 27. Bxc6 Re6 28.
Bd5 Ra6 29. c5 d3 30. c6 d2 31. Rd1 Rc8 32. Rxd2 Ke7 33. Bf3 Raxc6 34. Bxc6
Rxc6 35. Rb2 (35. Kg2) 35... g5 36. Na5 Ra6 37. Nc4 Ke6 {[#]} 38. Ne3 (38. g4 {
fixes the king side from advancing black will end up with split pawns if he
tries to break through}) 38... h5 39. h3 f5 40. Re2 Ra4 41. Rc2 Ra6 42. Kf1 f4
43. Nc4 Kd5 44. Nd2 Ra3 45. Nb3 Ke6 46. Ke2 Kf5 47. gxf4 Kxf4 48. Rc4+ Kf5 49.
Rc2 Kf4 50. Kf1 Ra4 51. Kg2 h4 52. Nc5 Ra3 53. Ne6+ Kf5 54. Ng7+ Kg6 55. Ne6
Kf5 56. Nc7 g4 57. hxg4+ Kxg4 58. Rc4+ (58. Nd5) 58... Kf5 59. Rc2 Kg4 60. Rc4+
Kf5 61. Rxh4 Rxa2 {Matt was short of time Lonnie offered a draw and was
accepted} 1/2-1/2

[Event "2018 PHCC"]
[Site "PORT HURON"]
[Date "2018.02.08"]
[Round "4"]
[White "Bedy, Noel"]
[Black "Muir, Josh"]
[Result "0-1"]
[WhiteElo "1504"]
[BlackElo "1600"]
[Annotator "ALAN"]
[PlyCount "34"]
[EventDate "2018.??.??"]
[EventType "tourn"]
[EventRounds "7"]
[EventCountry "USA"]

1. d4 Nf6 2. Nd2 d5 3. Ngf3 e6 4. e3 c5 5. c3 Nc6 6. Bd3 Be7 7. O-O O-O 8. Re1
a6 9. e4 cxd4 10. cxd4 dxe4 11. Nxe4 Nxd4 ({Relevant:} 11... Nb4 12. Bb1 b5 13.
Nc5 Ra7 14. Bf4 Bb7 15. Nxb7 Rxb7 16. Ne5 Bd6 17. g4 Nbd5 18. Bg3 g6 19. Bd3
Rc7 20. Qd2 Bb4 21. Qh6 Bxe1 22. Rxe1 Ne8 23. g5 Ra7 24. Nc6 Qd7 25. Nxa7 Qxa7
26. Be5 f6 27. gxf6 Nexf6 28. Qh3 Qf7 29. Bxf6 Nf4 30. Qg3 Qxf6 31. Bc2 Qxd4
32. Bb3 Rf6 33. Qe3 Qxb2 34. Qa7 Qd2 35. Rd1 Nh3+ 36. Kg2 Rxf2+ 37. Kxh3 Qh6+
38. Kg3 Qf4+ 39. Kh3 Rxh2# {0-1 (39) Mohsin,B (2221)-Briestensky,R (2383)
Beijing 2008}) 12. Nxd4 Qxd4 13. Nxf6+ $146 ({Predecessor:} 13. Ng5 Qd8 14. Re3
h6 15. Ne4 Bd7 16. Rh3 Nxe4 17. Bxe4 Bc6 18. Bd3 Qd5 19. Qg4 f5 20. Qg3 Bd6 21.
f4 Kh7 22. Kh1 Rf6 23. Qf3 Qxf3 24. gxf3 Rg6 25. Be2 Bc5 26. Rg3 Rd8 27. Kg2
Ba4 28. b3 Bc6 29. Bc4 Rd1 30. Rxg6 Kxg6 31. Kh3 Be3 32. Bb2 Rxa1 33. Bxa1 Bxf3
34. Kg3 Bd5 35. Bxd5 exd5 36. Kf3 d4 37. Ke2 Kh5 38. Kd3 Kg4 39. Bxd4 Bxd4 40.
Kxd4 Kxf4 41. Kc5 Ke3 {0-1 (41) Schiewe,N (1444)-Oswald,L (1510) Duesseldorf
2016}) 13... Qxf6 14. Qb3 b5 (14... e5 15. Be4 Rb8 16. Be3 Be6 17. Qb6) 15. Be4
Rb8 (15... Ra7 16. Be3 Rd7 17. Rad1 Rfd8 18. Rxd7 Bxd7 19. Qc2 g6 20. Bb7) 16.
Qg3 Bb7 17. Bg5 $4 {[#]} (17. Bf4 Bxe4 18. Bxb8 Bd5) 17... Qxg5 0-1

[Event "2018 PHCC"]
[Site "PORT HURON"]
[Date "2018.02.08"]
[Round "4"]
[White "Gregg, Alan"]
[Black "Jones, George"]
[Result "1-0"]
[WhiteElo "1948"]
[BlackElo "1630"]
[Annotator "ALAN"]
[PlyCount "73"]
[EventDate "2018.??.??"]
[EventType "tourn"]
[EventRounds "7"]
[EventCountry "USA"]

1. e4 c6 2. d4 d5 3. e5 Bf5 4. h4 h6 5. g4 Be4 6. f3 Bh7 7. Bd3 ({Relevant:} 7.
e6 c5 8. Bb5+ Nc6 9. Ne2 fxe6 10. Bf4 Nf6 11. dxc5 Nd7 12. Nd4 Bg8 13. Nxc6
bxc6 14. Bxc6 Rc8 15. Bxd7+ Qxd7 16. Qd4 Bh7 17. Be5 Rg8 18. Nc3 g5 19. O-O-O
gxh4 20. Rxh4 a5 21. a3 Qa7 22. Na4 Qa6 23. Re1 Qb5 24. b3 Rc6 25. Kb2 Rg5 26.
Rh5 Rxe5 27. Qxe5 Kf7 28. Qe2 Bg7+ 29. Ka2 Qb8 30. f4 Be4 31. g5 hxg5 32. Rxg5
Qh8 33. Rh5 Qf8 34. Rg1 Bf6 35. Rh3 e5 36. c4 Qc8 {Onischuk,V (2629)-Kovalenko,
I (2656) Cappelle-la-Grande 2015 1-0}) 7... Bxd3 8. Qxd3 e6 9. Be3 c5 10. c3
Nc6 $146 ({Predecessor:} 10... Qb6 11. Nd2 Nd7 12. O-O-O c4 13. Qc2 Qa5 14. Kb1
Rc8 15. Ne2 Rc6 16. f4 Rb6 17. Ka1 Rb5 18. f5 Qa6 19. Rb1 Qxa2+ {0-1 (19)
Mildner,R (1630)-Aden,K (1408) Rotenburg 2012}) 11. f4 Be7 12. Nf3 Qb6 13. Rh2
Rc8 14. a3 (14. h5 cxd4 15. Nxd4 Bc5 16. Na3 Nxd4 17. Bxd4 Bxd4 18. Qxd4 Qxd4
19. cxd4 $11) 14... Qb3 15. Qc2 (15. dxc5 Na5) 15... Bxh4+ $4 {[#]Avery saw
something that was not there we all do it at sometime after this white wins}
16. Nxh4 Qxc2 17. Rxc2 cxd4 18. cxd4 g5 19. Nf3 Nge7 20. Nc3 a6 21. Rh2 gxf4
22. Bxf4 Kd7 23. Kd2 Na5 24. Rah1 Nc4+ 25. Kd3 Ng6 26. Bc1 h5 27. gxh5 Ne7 28.
Na4 Rcg8 29. Rg1 Rxg1 30. Nxg1 Ng6 31. Ne2 Ngxe5+ 32. dxe5 Nxe5+ 33. Kc2 Rc8+
34. Kb1 Nd3 35. h6 Ne5 36. h7 Ng6 37. Nf4 1-0

[Event "2018 PHCC"]
[Site "PORT HURON"]
[Date "2018.02.16"]
[Round "5"]
[White "Muir, Josh"]
[Black "Wingrove, William"]
[Result "1/2-1/2"]
[WhiteElo "1600"]
[BlackElo "1579"]
[Annotator "Lonnie &   Alan"]
[PlyCount "106"]
[EventDate "2018.??.??"]
[EventType "tourn"]
[EventRounds "7"]
[EventCountry "USA"]

1. d4 Nf6 2. Nf3 g6 3. Bf4 Bg7 4. c4 d5 5. Nc3 O-O 6. e3 c5 7. Be2 Nc6 8. O-O
cxd4 9. exd4 dxc4 10. Bxc4 ({Relevant:} 10. d5 Na5 11. Be5 Bf5 12. Qd4 Qb6 13.
Rfe1 Rfd8 14. Rad1 Qxd4 15. Nxd4 Nxd5 16. Nxf5 Bxe5 17. Rxd5 Bxc3 18. Nxe7+ Kf8
19. bxc3 b6 20. Bf3 Re8 21. Rdd1 Rad8 22. Rxd8 Rxd8 23. Nd5 Rd6 24. g4 h6 25.
Nb4 Rd2 26. Kg2 b5 27. Re5 a6 28. Rc5 Kg7 29. Rc7 Kf6 30. Ra7 Rd6 31. h4 g5 32.
hxg5+ hxg5 33. Rxa6 Ke5 34. Rxa5 {1-0 (34) Ivanchuk,V (2704)-Dominguez Perez,L
(2726) Beijing 2014}) 10... e6 11. h3 a6 12. a4 Ne7 $146 ({Predecessor:} 12...
Qb6 13. Qb3 Qxb3 14. Bxb3 {1/2-1/2 (14) Heyne,M (2187)-Hoffmann,P (2154)
Postbauer 2000}) 13. Qb3 Ned5 14. Be5 Qd7 15. Rad1 Qc6 16. Ng5 Bd7 17. Nge4
Nxc3 18. Nxc3 Rfc8 19. Be2 Be8 20. Bf3 Qd7 $2 {[#]} (20... Qc4) 21. Bxb7 $2 (
21. Qxb7 {winning}) 21... Rcb8 22. Bxb8 Rxb8 23. Bc6 Rxb3 24. Bxd7 Bxd7 {
black is now winning} 25. Rb1 Bc6 26. Rfd1 Nd5 27. Ne4 Rb4 28. b3 Rxd4 29. Rxd4
Bxd4 30. Rc1 Bd7 31. Nc5 Be8 (31... Bxc5) (31... Bc8) 32. Nxa6 f6 33. Nc5 Bf7 (
33... Kf7 {last chance for Bill to keep the upper hand}) 34. a5 Nf4 35. Kf1 $2
(35. Rc2) 35... e5 36. a6 Bd5 37. b4 {Diagram [#][37...Bg2+!]} Bc6 (37... Bxg2+
38. Kg1 Bf3 39. Rc2 Ne2+ 40. Kf1 Nc3 41. Nb3 Kf7) 38. a7 Bb5+ 39. Kg1 Bc6 40.
Rc2 {[#]} (40. Nb7 Ne2+ 41. Kf1 Bxb7 42. Rc8+ Kf7 43. Rc7+ Ke6 44. Rxb7) 40...
Bd5 41. b5 Kf7 42. b6 Ne6 {Diagram [#]} 43. b7 Bxb7 44. Nxb7 Bxa7 45. Nd6+ Kg7
46. Rc3 $2 {Diagram [#][Wasting and important tempo...better was 46.Rc6 with a
positional advantage and preparing entrance to the 7th rank!]} h5 47. Rf3 $4 {
[Wasting more time, as White needs to stay as far away from possible forks as
possible. now his R has very little scope playing more like a pawn...cheap
tricks wont really cut it, with time winding down for both players! Of course
Ne8 + is a threat, but easily refuted.]} f5 48. Rg3 Bc5 $4 49. Nxf5+ {[Oops....
looks like cheap tricks will rule the day in the oncoming time scramble!!]} Kf6
50. Nh4 Ng5 51. Nf3 (51. Rb3) 51... Bxf2+ 52. Kxf2 Ne4+ 53. Ke3 Nxg3 {[After a
few more harried moves, all the pawns came off and a draw resulted!]} 1/2-1/2

[Event "2018 PHCC"]
[Site "PORT HURON"]
[Date "2018.02.12"]
[Round "5"]
[White "Morabito, Matt"]
[Black "Boucher, Dave"]
[Result "1/2-1/2"]
[WhiteElo "1848"]
[BlackElo "1303"]
[Annotator "Alan"]
[PlyCount "73"]
[EventDate "2018.??.??"]
[EventType "tourn"]
[EventRounds "7"]
[EventCountry "USA"]

1. Nf3 e6 2. g3 f5 3. Bg2 Nf6 4. d3 Be7 5. Nc3 ({Relevant:} 5. O-O O-O 6. c4
Qe8 7. Nc3 d6 8. e4 e5 9. exf5 Bxf5 10. d4 Nc6 11. c5 exd4 12. Nxd4 Nxd4 13.
Qxd4 dxc5 14. Qf4 Qc8 15. Bxb7 Qxb7 16. Qxf5 Kh8 17. Qc2 Qc8 18. Be3 Qh3 19. f3
c6 20. Rad1 c4 21. Bd4 Nd5 22. Ne4 Qh5 23. Qxc4 Rxf3 24. Qxc6 Raf8 25. Rxf3
Qxf3 26. Bxg7+ Kxg7 27. Qxd5 Qe3+ 28. Kg2 Qf3+ 29. Kg1 Qe3+ 30. Kg2 Qf3+ 31.
Kg1 {1/2-1/2 (31) Shirazi,K (2379)-Dgebuadze,A (2514) Le Port Marly 2014}) 5...
O-O 6. e4 d6 7. O-O fxe4 8. dxe4 e5 9. Re1 $146 ({Predecessor:} 9. Qd3 Nfd7 10.
Nd5 Nc6 11. b4 a6 12. a4 Kh8 13. Be3 Bf6 14. Qc4 Rb8 15. b5 axb5 16. axb5 Nd4
17. Bxd4 exd4 18. Nxf6 Nxf6 19. Qxd4 b6 20. e5 dxe5 21. Qxd8 Rxd8 22. Nxe5 Be6
23. Nc6 {1-0 (23) Landa,K (2604)-Dusbaba,K (2091) Paderborn 2017}) 9... Nc6 10.
Nd5 Nxd5 11. Qxd5+ Rf7 12. Be3 Qf8 13. Bg5 Kh8 14. Bxe7 Nxe7 15. Qb3 h6 16. Re3
b6 17. Qc3 Ng8 18. Rf1 Nf6 19. Nh4 Kh7 20. f4 Ba6 21. Rfe1 Ng4 22. Rf3 exf4 {
[#]} 23. Bh3 $2 (23. gxf4 Rxf4 24. e5 Nxe5 25. Rxf4 Qxf4 26. Bxa8 Qxh4 27. Be4+
) 23... Ne5 24. Bf5+ g6 25. gxf4 Nxf3+ 26. Qxf3 gxf5 27. exf5 {black a whole
rook up white should be lost} Rb8 28. Kf2 $4 {Dave now goes wrong} Re7 (28...
Re8) 29. Ng6 Qxf5 30. Nxe7 Qxc2+ 31. Kg3 Bb7 32. Re2 Qc5 33. Qd3+ Kh8 34. Ng6+
(34. Kh4 {with a winning attack}) 34... Kg8 35. Ne7+ Kh8 36. Ng6+ (36. Kh4 Qg1
37. Ng6+ Kg7 38. Re7+ Kg8 39. Kh5 Qxh2+ 40. Nh4 Kf8 41. Rh7 Bf3+ 42. Qxf3 Re8
43. Rh8+ Kg7 44. Rxe8) 36... Kg8 37. Ne7+ 1/2-1/2

[Event "2018 PHCC"]
[Site "PORT HURON"]
[Date "2018.02.12"]
[Round "5"]
[White "Rutkofske, Lonnie"]
[Black "Gregg, Alan"]
[Result "0-1"]
[WhiteElo "1818"]
[BlackElo "1948"]
[Annotator "Alan"]
[PlyCount "91"]
[EventDate "2018.??.??"]
[EventType "tourn"]
[EventRounds "7"]
[EventCountry "USA"]

1. e4 e5 2. Nf3 Nc6 3. d4 exd4 4. Bc4 Be7 5. O-O Nf6 6. e5 Ne4 7. Bd5 Nc5 8.
Nbd2 O-O 9. Nb3 Ne6 10. Nfxd4 Ncxd4 11. Nxd4 c6 12. Be4 d5 $11 {[#]} 13. Bd3 $2
{Blunder thinking about the bishop and totally forgot about the knight we all
do at times ,White should have a easy win now but I made a few errors later
and almost let lonnie back in} (13. exd6) (13. Nxe6 Bxe6) (13. Bf3) 13... Nxd4
14. Bxh7+ Kxh7 15. Qxd4 Bf5 16. c3 Kg8 17. g4 Be4 18. Be3 c5 19. Qd2 Qc7 20. f3
Bh7 21. Rae1 Rad8 22. Bf2 d4 23. f4 Qc6 (23... dxc3 24. Qxc3 Bd3) 24. f5 b6 25.
Qf4 dxc3 26. bxc3 c4 27. Bd4 Bc5 28. h4 Bxd4+ 29. cxd4 Qd5 30. Rd1 f6 $2 (30...
Rfe8 31. f6 c3 32. Qg5 Bg6 33. h5 c2 34. hxg6 cxd1=Q 35. gxf7+ Qxf7 36. Rxd1
Rd5 37. Rd3 Qxf6 38. Qxf6 gxf6 39. Ra3 Rxd4 40. Rxa7 Rxg4+ 41. Kf2 Rxe5) 31. e6
Rfe8 32. Qc7 Qd6 33. Qf7+ Kh8 34. Qh5 Qg3+ 35. Kh1 Re7 (35... Rg8 36. g5 (36.
e7 Qh3+ 37. Kg1 Qe3+ 38. Rf2 Qxe7) 36... Qh3+ 37. Kg1 g6) 36. d5 (36. g5 Qh3+
37. Kg1 fxg5 38. Qxg5 Qa3) 36... Kg8 37. Rd2 Qh3+ 38. Kg1 Qe3+ 39. Rdf2 Rxd5
40. Kg2 Rxe6 41. g5 Qe4+ 42. Kg1 Bxf5 43. Rf4 Qe3+ 44. R1f2 Qg3+ 45. Kh1 Re1+
46. Rf1 {[#] black resigned Be4 is the end} 0-1

[Event "2018 PHCC"]
[Site "PORT HURON"]
[Date "2018.02.12"]
[Round "5"]
[White "Jones, George"]
[Black "Bedy, Noel"]
[Result "1/2-1/2"]
[WhiteElo "1630"]
[BlackElo "1504"]
[Annotator "Alan"]
[PlyCount "80"]
[EventDate "2018.??.??"]
[EventType "tourn"]
[EventRounds "7"]
[EventCountry "USA"]

1. d4 Nf6 2. Bf4 e6 3. e3 c5 4. c3 b6 ({Relevant:} 4... Nc6 5. Nd2 d5 6. Ngf3
Bd6 7. Bg3 O-O 8. Bb5 Be7 9. Bd3 b6 10. O-O Bb7 11. h3 Bd6 12. Bh4 Be7 13. Qb1
h6 14. a3 Nh5 15. Bxe7 Qxe7 16. Ne5 cxd4 17. Nxc6 Bxc6 18. cxd4 Nf6 19. Nf3
Rfc8 20. Qd1 Bb7 21. Qe2 Rc7 22. Rac1 Rac8 23. Rxc7 Qxc7 24. Nd2 Ne4 25. Nb1
Nd6 26. Nc3 Qe7 27. Rc1 g6 28. f3 e5 29. dxe5 Qxe5 30. Re1 Re8 31. Nd1 Bc8 32.
Qd2 Bf5 33. Bf1 h5 34. Nf2 {Carlsen,M (2837)-Wang,H (2709) Riadh 2017 1/2-1/2 
(64)}) 5. h3 Bb7 6. Nf3 cxd4 7. exd4 Be7 8. Bd3 d6 9. O-O O-O 10. Re1 Nbd7 11.
Nbd2 Re8 12. Qc2 Nf8 13. Bb5 $146 ({Predecessor:} 13. a4 Ng6 14. Bh2 a6 15. Re2
Rc8 16. Rae1 Nd5 17. Bxg6 hxg6 18. Qb3 Qc7 19. c4 Nf6 20. Ng5 Bf8 21. f4 Qc6
22. Qg3 Qxa4 23. Qh4 Qd7 24. g4 b5 25. b3 bxc4 26. bxc4 Qa4 27. Bg3 Rxc4 28.
Nxc4 Qxc4 29. Bf2 Qd5 30. Re4 Rc8 31. R1e2 Qc4 32. d5 Qxd5 33. Bd4 e5 34. fxe5
dxe5 35. Bxe5 Bd6 36. Qg3 Nxe4 37. Rxe4 Qd2 {0-1 (37) Nemirovski,S (2253)
-Grill,M (2161) France 2009}) 13... N8d7 14. Ng5 h6 15. Nge4 a6 16. Nxf6+ Bxf6
17. Bd3 e5 18. dxe5 Bxe5 19. Be3 b5 20. Rad1 Rc8 21. Qb3 Nc5 22. Bxc5 dxc5 23.
Nf3 Qf6 24. Nxe5 Rxe5 25. Rxe5 Qxe5 26. Qc2 Qg5 27. Bh7+ Kf8 28. Be4 Bxe4 29.
Qxe4 g6 30. Qb7 Rd8 31. Rxd8+ Qxd8 32. Qxa6 Qd1+ 33. Kh2 Qd2 34. Qxb5 {[#]}
Qxf2 {losing move but Avery fails to find the winning move} 35. a4 (35. Qb8+)
35... Qf4+ 36. Kg1 Qc1+ 37. Kf2 Qd2+ 38. Kg1 Qc1+ 39. Kh2 Qf4+ 40. Kg1 Qc1+
1/2-1/2

[Event "2018 PHCC"]
[Site "PORT HURON"]
[Date "2018.02.22"]
[Round "6"]
[White "Wingrove, William"]
[Black "Jones, George"]
[Result "0-1"]
[WhiteElo "1579"]
[BlackElo "1630"]
[Annotator "ALAN"]
[PlyCount "116"]
[EventDate "2018.??.??"]
[EventType "tourn"]
[EventRounds "7"]
[EventCountry "USA"]

1. e4 c6 2. d4 d5 3. e5 g6 4. Nc3 Bg7 5. Be3 Nh6 6. f4 Nf5 {[#]} ({Relevant:} 
6... f6 7. Qd2 O-O 8. O-O-O fxe5 9. fxe5 Ng4 10. Nf3 Nxe3 11. Qxe3 Bg4 12. Be2
e6 13. Kb1 Nd7 14. Ng5 Bxe2 15. Nxe2 Bh6 16. h4 Qe7 17. Nf4 Bxg5 18. hxg5 Rf5
19. g4 Rf7 20. Nd3 Raf8 21. Rh3 Rf1 22. Rc1 Nb6 23. b3 Qa3 24. Rh1 R1f3 25. Qd2
Nd7 26. Qe2 Qe7 27. Qd2 c5 28. Qa5 c4 29. Nb2 Nb8 30. Qxa7 Nc6 31. Qb6 Ra8 32.
Na4 Rf4 33. c3 Rxg4 34. Rhg1 Re4 35. Rc2 cxb3 36. axb3 {Dominguez Perez,L 
(2757)-Anton Guijarro,D (2574) Linares 2013 1-0 (61)}) 7. Qd2 {White has to
play Bf2} (7. Bf2) 7... Qb6 $146 ({Predecessor:} 7... Nxe3 8. Qxe3 Bf5 9. Bd3
Bxd3 10. Qxd3 e6 11. Nf3 Nd7 12. O-O O-O 13. Nd1 c5 14. c3 Rc8 15. Ne3 Qb6 16.
b3 Rc7 17. c4 cxd4 18. Qxd4 f6 19. cxd5 fxe5 20. Qxb6 Nxb6 21. Nxe5 exd5 22.
Rad1 Bxe5 23. fxe5 Rxf1+ 24. Kxf1 Rf7+ 25. Ke2 Re7 {1/2-1/2 (25) James,G (2220)
-Farrand,J (2205) Port Erin 2004}) 8. O-O-O a5 9. Na4 (9. Bf2) 9... Qc7 10. Be2
b6 11. g4 (11. Bf2) 11... Nxe3 12. Qxe3 Na6 13. b3 (13. h4) 13... b5 14. Nb2
Nb4 15. a3 Na6 16. h4 e6 17. h5 Bd7 18. hxg6 hxg6 19. Rxh8+ Bxh8 20. Nf3 O-O-O
{[#]} 21. Rh1 (21. Ng5 f6 22. Nf7 Rf8 23. Nxh8 Rxh8 24. exf6) 21... c5 22. Ng5
(22. Rh7 cxd4 23. Nxd4 g5 24. Bxb5 Bxb5 25. Nxb5 gxf4 26. Nxc7 fxe3 27. Nxa6
Bxe5 28. Nd3) 22... cxd4 23. Qxd4 Nc5 {[#]} 24. Qc3 (24. Rh3) (24. Kb1 {
either move was better}) 24... d4 25. Qf3 $2 (25. Qe1) 25... Bc6 26. Qf1 Bxh1
27. Qxh1 Kb8 28. Kd1 (28. Kb1) 28... d3 29. Nxd3 Nxd3 (29... f6) 30. Bxd3 Qc3
31. Ke2 (31. Qh7 a4 32. bxa4 Rxd3+ 33. cxd3 Qxd3+ 34. Ke1 Qe3+ 35. Kd1 Qg1+ 36.
Ke2) (31. Qe1 Qxe1+ 32. Kxe1 Rd7 33. Bxb5 Rc7 34. c4 Bg7 35. Nh7 Rc8 36. Ke2
Bf8 $11) 31... Bxe5 32. Nxf7 Rxd3 33. cxd3 Qc2+ {[#]} 34. Kf1 {Bills Last
mistake simply Ke3 is equal} (34. Ke3 Qc5+ 35. Ke2 Bd4 36. Qe1 Qc2+ 37. Qd2
Qxb3 38. Qxa5 Qc2+ 39. Qd2 $11) 34... Qxd3+ 35. Kg2 Qe4+ 36. Kg1 Bd4+ 37. Kh2
Qxf4+ 38. Kh3 Qxf7 39. Qc6 Qh7+ 40. Kg2 Qb7 41. Qxb7+ Kxb7 42. a4 g5 43. Kf3 e5
44. Ke4 bxa4 45. bxa4 Kc6 46. Kf5 Be3 47. Kxe5 Kc5 48. Ke4 Bf4 49. Kd3 Kb4 50.
Kd4 Kxa4 51. Kc4 Bc1 52. Kc3 Kb5 53. Kc2 Bf4 54. Kb3 Kc5 55. Ka4 Bc7 56. Kb3
Kd5 57. Kc3 Ke4 58. Kd2 Kf4 0-1